<?xml version="1.0" encoding="UTF-8"?>
<record
    xmlns:xsi="http://www.w3.org/2001/XMLSchema-instance"
    xsi:schemaLocation="http://www.loc.gov/MARC21/slim http://www.loc.gov/standards/marcxml/schema/MARC21slim.xsd"
    xmlns="http://www.loc.gov/MARC21/slim">

  <leader>00987nam a22001937a 4500</leader>
  <controlfield tag="005">20240724134810.0</controlfield>
  <controlfield tag="008">240724b           ||||| |||| 00| 0 eng d</controlfield>
  <datafield tag="020" ind1=" " ind2=" ">
    <subfield code="a">9780230275997</subfield>
  </datafield>
  <datafield tag="050" ind1=" " ind2=" ">
    <subfield code="a">KD1480.W43(2e)</subfield>
  </datafield>
  <datafield tag="100" ind1=" " ind2=" ">
    <subfield code="9">Webb, Charlie.</subfield>
  </datafield>
  <datafield tag="245" ind1=" " ind2=" ">
    <subfield code="a">Palgrave macmillan law masters : trusts law /</subfield>
    <subfield code="c">Charlie Webb  and Tim Akkouh</subfield>
  </datafield>
  <datafield tag="250" ind1=" " ind2=" ">
    <subfield code="a">2nd ed.</subfield>
  </datafield>
  <datafield tag="260" ind1=" " ind2=" ">
    <subfield code="a">New York :</subfield>
    <subfield code="b">Palgrave Macmillan,</subfield>
    <subfield code="c">2011.</subfield>
  </datafield>
  <datafield tag="300" ind1=" " ind2=" ">
    <subfield code="a">xxii, 393 p. :</subfield>
    <subfield code="c">24 cm.</subfield>
  </datafield>
  <datafield tag="500" ind1=" " ind2=" ">
    <subfield code="a">Includes bibliographical reference and index.</subfield>
  </datafield>
  <datafield tag="505" ind1=" " ind2=" ">
    <subfield code="a">Contents : An introduction to equity and trusts -- Basic concepts and principles -- Basic concepts and principles -- Certainty -- Purpose trusts -- Charitable trusts -- Formalities -- Constitution and promises to create trusts -- Non-fiduciary obligatory -- The administration of trusts -- Breach of trusts and trustees' liability -- Propriety claims and the liability of third parties -- A trust in practice. </subfield>
  </datafield>
  <datafield tag="700" ind1=" " ind2=" ">
    <subfield code="a">Akkouh, Tim.</subfield>
    <subfield code="9">2953</subfield>
  </datafield>
  <datafield tag="942" ind1=" " ind2=" ">
    <subfield code="2">lcc</subfield>
    <subfield code="c">BK</subfield>
  </datafield>
  <datafield tag="999" ind1=" " ind2=" ">
    <subfield code="c">10355</subfield>
    <subfield code="d">17855</subfield>
  </datafield>
  <datafield tag="952" ind1=" " ind2=" ">
    <subfield code="0">0</subfield>
    <subfield code="1">0</subfield>
    <subfield code="2">lcc</subfield>
    <subfield code="4">0</subfield>
    <subfield code="7">0</subfield>
    <subfield code="a">WIUC-1</subfield>
    <subfield code="b">WIUC-1</subfield>
    <subfield code="c">LL</subfield>
    <subfield code="d">2024-07-24</subfield>
    <subfield code="l">0</subfield>
    <subfield code="o">KD1480.W43(2e)</subfield>
    <subfield code="p">3423/528/24</subfield>
    <subfield code="r">2024-07-24 00:00:00</subfield>
    <subfield code="t">1</subfield>
    <subfield code="w">2024-07-24</subfield>
    <subfield code="y">BK</subfield>
  </datafield>
  <datafield tag="952" ind1=" " ind2=" ">
    <subfield code="0">0</subfield>
    <subfield code="1">0</subfield>
    <subfield code="2">lcc</subfield>
    <subfield code="4">0</subfield>
    <subfield code="7">0</subfield>
    <subfield code="a">WIUC-1</subfield>
    <subfield code="b">WIUC-1</subfield>
    <subfield code="c">LL</subfield>
    <subfield code="d">2024-07-24</subfield>
    <subfield code="l">0</subfield>
    <subfield code="o">KD1480.W431(2e)</subfield>
    <subfield code="p">3424/529/24</subfield>
    <subfield code="r">2024-07-24 00:00:00</subfield>
    <subfield code="t">2</subfield>
    <subfield code="w">2024-07-24</subfield>
    <subfield code="y">BK</subfield>
  </datafield>
  <datafield tag="952" ind1=" " ind2=" ">
    <subfield code="0">0</subfield>
    <subfield code="1">0</subfield>
    <subfield code="2">lcc</subfield>
    <subfield code="4">0</subfield>
    <subfield code="7">0</subfield>
    <subfield code="a">WIUC-1</subfield>
    <subfield code="b">WIUC-1</subfield>
    <subfield code="c">LL</subfield>
    <subfield code="d">2024-07-24</subfield>
    <subfield code="l">0</subfield>
    <subfield code="o">KD1480.W432(2e)</subfield>
    <subfield code="p">3425/530/24</subfield>
    <subfield code="r">2024-07-24 00:00:00</subfield>
    <subfield code="t">3</subfield>
    <subfield code="w">2024-07-24</subfield>
    <subfield code="y">BK</subfield>
  </datafield>
</record>
